On Developing Theory of Communal Riots (Record no. 8360)

MARC details
000 -LEADER
fixed length control field 00663nam a2200253 a 4500
020 ## - INTERNATIONAL STANDARD BOOK NUMBER
ISBN
082 00 - DEWEY DECIMAL CLASSIFICATION NUMBER
Classification number 324.245408
Author Cutter ENG
100 ## - MAIN ENTRY--AUTHOR NAME
Author name Engineer, Asghar Ali
245 ## - TITLE STATEMENT
Title On Developing Theory of Communal Riots
260 ## - PUBLICATION, DISTRIBUTION, ETC. (IMPRINT)
Place of publication Bombay
Name of publisher Institute of Islamic Studies
Year of publication 1984
300 ## - PHYSICAL DESCRIPTION
Number of Pages 66p
500 ## - GENERAL NOTE
General note includes index and biblioraphy
505 2# - FORMATTED CONTENTS NOTE
Formatted contents note Bibliography, Err.
650 ## - SUBJECT ADDED ENTRY--TOPICAL TERM
Topical Term Communalism-India
650 ## - SUBJECT ADDED ENTRY--TOPICAL TERM
Topical Term Islam-Relations Hinduism
942 ## - ADDED ENTRY ELEMENTS (KOHA)
Koha item type Books
700 1# -
-- Engineer, Asghar Ali
Holdings
Home library Current library Date acquired Cost, normal purchase price Full call number Accession Number Koha item type
Henry Martyn Institute Library Henry Martyn Institute Library 07/23/2008 15.00 324.245408 ENG 011287 E-Books
                   Copyright © 2026 | Henry Martyn Institute | Hyderabad | TS-500052 | INDIA | Implemented by hmi.edu.in
Hit-Count:

Powered by Koha